000 01256pam a2200349 a 4500
001 4980513
003 OSt
005 20240704140816.0
008 980611s1998 nyua b 001 0 eng
010 _a 98028792
020 _a0340691514 (pbk.)
040 _cmust
050 0 0 _aQE720
_b.Q36 1998
082 0 0 _a333.7 QUA
_221
100 _aWILLIAMS,mARTIN
_918436
245 0 0 _aQuaternary environments /
_cMartin Williams ... [et al.].
250 _a2nd ed.
260 _aNew York :
_bArnold,
_cc1998.
300 _aviii, 329 p. :
_bill. ;
_c28 cm.
504 _aIncludes bibliographical references and index.
650 0 _aPaleoecology
_yQuaternary.
_918437
700 1 _aWilliams, M. A. J.
_918438
700 1 _aDunkerley,David
_918439
700 1 _aDeckker,Patrick De
_918440
700 1 _aKershaw,Peter
_918441
700 1 _aChappell,John
_918442
856 4 2 _3Publisher description
_uhttp://www.loc.gov/catdir/enhancements/fy0603/98028792-d.html
856 4 1 _3Table of contents only
_uhttp://www.loc.gov/catdir/enhancements/fy0603/98028792-t.html
906 _a7
_bcbc
_corignew
_d1
_eocip
_f19
_gy-gencatlg
942 _2ddc
_cO_SHELF
999 _c9067
_d9067